El primer gobierno de la Concertación desde la perspectiva de género /

Al asumir su mandato, el Presidente Aylwin había contraído una serie de compromisos explícitos y/o implícitos con las distintas fuerzas sociales que participaron en el proceso de recuperación de la democracia. Su programa de gobierno eran en gran medida el futuro de un largo proceso de intercambio y...

Full description

Bibliographic Details
Main Author: Guzmán, Virginia
Format: Analitica de revista
Language:Spanish
Published: Santiago, Chile SUR 1994
Subjects:

MARC

LEADER 00000cab a2200000 a 4500
001 037807
003 UAHC_CL
005 20171201112341.0
008 140120s1994 cl 000 spa
952 |0 0  |1 0  |4 0  |6 PROPOSICIONES_25_94_000000000000000  |7 0  |8 COMP  |9 71823  |a BC  |b BC  |c COMP  |d 2017-08-03  |l 0  |o PROPOSICIONES-25/94  |r 2017-08-03 00:00:00  |t 1  |w 2017-08-03  |y REVA 
999 |c 37807  |d 37807 
040 |a UAHC_CL  |c UAHC_CL  |d UAHC_CL 
100 1 |a Guzmán, Virginia 
245 1 3 |a El primer gobierno de la Concertación desde la perspectiva de género /  |c Virginia Guzmán. 
260 |b SUR  |c 1994  |a Santiago, Chile 
300 |a pp. 144-156 
310 |a Anual. 
362 0 |a Año 1, no. 1 (nov. 2002)- . 
500 |a En: Proposiciones. no. 25, 1994. pp. 144-156. ISSN. 956208051X. 
520 |a Al asumir su mandato, el Presidente Aylwin había contraído una serie de compromisos explícitos y/o implícitos con las distintas fuerzas sociales que participaron en el proceso de recuperación de la democracia. Su programa de gobierno eran en gran medida el futuro de un largo proceso de intercambio y de negociación entre los diversos actores sociales, y de cada uno de ellos con el futuro gobierno. 
650 4 |a PARTIDOS POLITICOS  |z CHILE  |x HISTORIA 
900 |a PROPOSICIONES-25/94 
942 |c REVA  |2 ddc